| 000 | 01789nam a2200397 a 4500 | ||
|---|---|---|---|
| 999 |
_c109491 _d109491 |
||
| 003 | BLK | ||
| 005 | 20241216135026.0 | ||
| 008 | 180409b bul|||||r ||||||| ||bul|| | ||
| 010 | _aKNG00114808000 | ||
| 020 | _a954-01-1421-7 | ||
| 040 | _aBLK | ||
| 041 |
_aBUL _cBUL |
||
| 080 |
_aИзобразително изкуство в основното училище _b372.875 _x(075.2) _z372.875(075.2) |
||
| 100 | 1 |
_aДимитров, Димитър Георгиев _eпърви автор _9364131 |
|
| 139 |
_aДимитров, Димитър Георгиев и др. _bД 58 |
||
| 245 | 1 | 0 |
_aИзобразително изкуство за ІІ клас _cДимитър Георгиев Димитров; съавт. Петер Кънчев Цанев; съавт. Ралица Пантева Карапантева. |
| 257 | _aBGR | ||
| 260 |
_bПросвета _c2003 _fСофия : Образование и наука _aСофия |
||
| 300 |
_a80 с. _bс ил. _c26 см |
||
| 380 | _a3 | ||
| 500 | _aАвт. не са отбелязяни на кор. - Офс. изд. | ||
| 650 | 4 |
_aИзобразително изкуство - учебници за основни училища _9254793 |
|
| 653 | _aрисуване | ||
| 653 | _aучебници за основни училища | ||
| 653 | _aІІ кл. | ||
| 653 | _aизобразително изкуство | ||
| 700 | 1 |
_aЦанев, Петер Кънчев _9138980 |
|
| 700 | 1 |
_aКарапантева, Ралица Пантева _eсъавт. _976837 |
|
| 852 | _aЦб ІІ 12772 | ||
| 856 | 4 | _qpdf | |
| 856 | 4 | _qpdf | |
| 942 |
_cKNG _n0 _s1 |
||
| 944 |
_aCR _c26.08.2004 _k30560 _lГеновева Генчева |
||
| 944 |
_aED _c28.03.2018 _kВиолета_Тройчева |
||
| 999 | _d109491 | ||